Parallel programming in C with MPI and openMP

সংরক্ষণ করুন:
গ্রন্থ-পঞ্জীর বিবরন
প্রধান লেখক: Quinn, Michael J. (Michael Jay)
বিন্যাস: গ্রন্থ
প্রকাশিত: McGraw-Hill 2004
ট্যাগগুলো: ট্যাগ যুক্ত করুন
কোনো ট্যাগ নেই, প্রথমজন হিসাবে ট্যাগ করুন!
Thư viện lưu trữ: Mạng thư viện Đại học Đà Nẵng
LEADER 00554nam a2200217 a 4500
001 000028760
003 27498
005 20171030145630.0
008 171030s2004
040 |a LTT 
082 0 |a 005.133  |b QU-M 
100 1 |a Quinn, Michael J. (Michael Jay) 
245 0 0 |a Parallel programming in C with MPI and openMP  |c Michael J. Quinn. 
260 |b McGraw-Hill  |c 2004 
OWN |a LTT 
999 |a From the UDN01 
TYP |a Monograph 
TYP |a Printed language 
980 |a Mạng thư viện Đại học Đà Nẵng